| 000 | 00331nam a2200133Ia 4500 | ||
|---|---|---|---|
| 008 | 190216s9999||||xx |||||||||||||| ||und|| | ||
| 100 | _aKumara Swami .a.s-sita Raman.K-Siva Subramannian.K | ||
| 245 | 0 | _aModern Algebra | |
| 250 | _aSECOND | ||
| 260 |
_bS Chand & Co _c1979 |
||
| 300 | _a510 | ||
| 650 | _aMathematics | ||
| 942 | _cBK | ||
| 999 |
_c30611 _d30611 |
||